000 00669nam a2200205 a 4500
005 20140310182406.0
008 020628s19uu xx 00 eng d
020 _a9719174943
050 _aBV 4515.2
_b.K82 2001
100 _aKong, Francis J
245 _aOne day at a time :
_ba daily dose of inspiration for the man at work. Book 1 /
_cFrancis J. Kong.
260 _aPhilippines :
_bSuccessOption Inc,
_c2001.
300 _a247 p. ;
_c21 cm.
650 _aWork
_xLiterary collections.
650 _aBusinessmen
_xLiterary collections.
650 _aBusinessmen (Inspirational writings).
650 _aDevotional calendars.
942 _cBK
_2lcc
999 _c12712
_d12712